000
00300nam a22001337a 4500
008
170727b xxu||||| |||| 00| 0 eng d
020
_a
9780078210587
041
_a
eng
080
_2
4TH
_a
004
100
_a
31
101
_a
SHK
245
_a
INTRODUCTION TO COMPUTERS
_c
NORTON'S,P
942
_2
udc
_c
BK
999
_c
22018
_d
22018